WBC Participating Countries - Statistics

General Stats
  • This quiz has been taken 127 times
  • The average score is 19 of 23
Answer Stats
Years in Tournament Country % Correct
2006, 2009, 2013^, 2017^, 2023 Japan
100%
2006, 2009", 2013, 2017, 2023 United States
100%
2006, 2009, 2013, 2017, 2023 Mexico
95%
2006^, 2009*, 2013, 2017, 2023 South Korea
95%
2006", 2009, 2013, 2017, 2023 Dominican Republic
93%
2006, 2009, 2013, 2017, 2023 Canada
92%
2006*, 2009, 2013, 2017, 2023 Cuba
92%
2006, 2009^, 2013, 2017, 2023 Venezuela
89%
2006, 2009, 2013, 2017, 2023 China
88%
2017, 2023 Colombia
86%
2023 Great Britain
86%
2006, 2009, 2013, 2017, 2023 Italy
85%
2006, 2009, 2013*, 2017*, 2023 Puerto Rico
85%
2006, 2009, 2013, 2017, 2023 Australia
81%
2006, 2009, 2013, 2017, 2023 Chinese Taipei
81%
2013 Brazil
80%
2006, 2009, 2013", 2017", 2023 Netherlands
80%
2023 Czech Republic
75%
2006, 2009, 2023 Panama
75%
2023 Nicaragua
73%
2017, 2023 Israel
67%
2013 Spain
66%
2006, 2009 South Africa
48%
No matching quizzes found
Score Distribution
Percent of People with Each Score
Percentile by Number Answered
Your Score History
You have not taken this quiz